Tous les vainqueurs de coupe du monde #8 : Fléchettes - Statistiques

Statistiques générales
  • Ce quiz a été pris 90 fois
  • Le résultat moyen est 4 sur 5
Statistiques - réponses
Victoires Pays % Correct
21 Angleterre
97%
4 Écosse
91%
4 Pays-Bas
91%
1 Pays de Galles
88%
2 Canada
40%
Aucun quiz correspondant
Distribution des résultats
% des personnes avec chaque résultat
Percentile par nombre de réponses
Votre historique - résultats
Vous n’avez pas pris ce quiz